00537nam a2200169 450000500170000001000150001702000260003203500140005803700130007208200120008510000190009724500600011626000380017627000810021430000220029550000500031720191217160919.0 aENG-127178 a9789352875436c595.00 aEN-110710 bDBAD/PUB a327.105 aPant, Harsh V. aIndian foreign policy :cby Harsh V.Pantban overview / aHyderabadbOrient Blackswanc2016 a3-6-752 Himayatnagar, HyderabadbTelanganae500029mindo@orientblackswan.com a246p .c22cm(pbk) aIncludes bibliographical references and index